000 00885nas a2200277 4500
001 BR7900943
003 BR-BrBNA
005 20231205083636.0
007 ta
008 230509b bl.|||p| |||| 00| 00por d
040 _aBR-BrBNA
_bpor
_cBiblioteca Nacional de Agricultura
041 _a(Pt)
072 _aH10
100 1 _aCouto, L.
100 1 _aZanuncio, J.C.
100 1 _aAlves, J.E.M.
100 1 _aCampinhos Junior, E.
100 1 _aSoresini, L.
100 1 _aVargas, J.A.
245 1 _aAvaliacao da eficiencia e custo do controle de Atta sexdens rubropilosa atraves do sistema termo-nebulizador, na regiao de Aracruz, E.S. [sauva, Espirito Santo]
650 _aSAUVA
650 _aESPIRITO SANTO
773 0 _tRevista Arvore (Brazil)
_xISSN 0100-6762
_g(Mar 1977), v. 1(1) p. 9-16
_wBR7900943
909 _a202311
_bLúcia
_c55
_dLúcia Elande
942 _2AGRIS
_n0
_cANA
999 _c100262
_d100262